Wszystkie Przystanki WTP na Ochocie - Statystyki

Ogólne statystyki
  • Ten quiz został rozwiązany 15 razy
  • Średni wynik to 33 z 60
Statystyki odpowiedzi
Przystanki % Poprawnych
Pl. Narutowicza
100%
Rondo Zesłańców Syberyjskich
100%
Dw. Zachodni
92%
NIK
92%
Wawelska
92%
Banacha
83%
Ochota - Ratusz
83%
Och-Teatr
83%
Pl. Starynkiewicza
83%
Pl. Zawiszy
83%
Pomnik Lotnika
83%
Szczęśliwice
83%
Banacha - Szpital
75%
Berestecka
75%
Białobrzeska
75%
Bitwy Warszawskiej 1920 r.
75%
CH Blue City
75%
Grzymały-Sokołowskiego
75%
Hala Kopińska
75%
PKP Rakowiec
75%
PKP Żwirki i Wigury
75%
Raszyńska
75%
Dickensa
67%
Pruszkowska
67%
Śmigłowca
67%
Szczęśliwicka
67%
Al. Wielkopolski
58%
CH Reduta
58%
Korotyńskiego
58%
Niemcewicza
58%
PKP WKD Al. Jerozolimskie
58%
Rakowiec
58%
Skorochód-Majewskiego
58%
Baleya
50%
Hale Banacha
50%
Mołdawska
50%
Przy Parku
50%
Księcia Trojdena
42%
Opaczewska
42%
Pawińskiego
42%
Uniwersytet Medyczny
42%
Grójecka
33%
Lindleya
33%
Na Bateryjce
33%
Spiska
33%
Warszawa Aleje Jerozolimskie
33%
Wiślicka
33%
Jasielska
25%
Maszynowa
25%
Rokosowska
25%
Urbanistów
25%
Warszawa Reduta Ordona
25%
Al. Bohaterów Września
17%
Dobosza
17%
Harfowa
17%
Krzywickiego
17%
Warszawa Rakowiec
17%
Warszawa Żwirki i Wigury
17%
Przemyska
8%
Siemieńskiego
8%
Nie znaleziono quizów pasujących do podanych kryteriów
Rozkład punktacji
Procent ludzi z każdym wynikiem
Percentyl według liczby udzielonych odpowiedzi
Twoja historia wyników
Nie rozwiązałeś tego quizu